| 000 | 00512nam a22001817a 4500 | ||
|---|---|---|---|
| 999 |
_c172686 _d172686 |
||
| 005 | 20200211111441.0 | ||
| 010 | _aA-373024 | ||
| 020 | _c45.00 | ||
| 035 | _aA-373024 | ||
| 037 | _bBPPD/Pub. | ||
| 082 | _a920 | ||
| 100 | _aعلی جواد زیدی | ||
| 245 |
_aدہلوی مرثیہ گو / _cعلی جواد زیدی |
||
| 246 |
_aDehlvi Marsiyah Go (vol.II) (Urdu) / _bby Ali Jawad Zaidi |
||
| 260 |
_a- _b- _c1987 ء |
||
| 300 |
_a312p. _c21cm(Hb) |
||
| 942 |
_2ddc _cUR _h920 _mز ے د |
||